00824nam a2200253 a 450000100060000000300080000600500170001400800410003103500190007204000270009104100080011808200240012624500870015026000410023730000260027835000120030450400630031650400410037960000250042065000230044565100290046870000260049770000470052371496BD-RjUL20211209082126.0170504s1972 ii b 000 0 eng d a(BD-RjUL)71712 aDLCcDLCdBD-RjULbeng aeng00a907.2223bHIS 197200aHistoriography in Indian languages /cEdited by J.P. De Souza [and] C.M. Kulkarni. aDelhi :bOriental Publishers,c1972. axvi, 275 p. ;c22 cm. aRs30.00 a"A bibliography of the works of Dr. Moraes": p. [265]-270. aIncludes bibliographical references.10aMoraes, George Mark. aHistographyxIndia 0aIndiaxHistoryxSources.1 aDe Souza, J. P.,eed.1 aKulkarni, Chidambara Martanda,d1919-eed.